Skeptics answered : (Record no. 8699)

MARC details
000 -LEADER
fixed length control field 01155cam a2200289 a 4500
001 - CONTROL NUMBER
control field 2597966
003 - CONTROL NUMBER IDENTIFIER
control field GBCCL
005 - DATE AND TIME OF LATEST TRANSACTION
control field 20241126110656.0
008 - FIXED-LENGTH DATA ELEMENTS--GENERAL INFORMATION
fixed length control field 970616s1997 oru b 001 0 eng
010 ## -
-- 97022501
020 ## - INTERNATIONAL STANDARD BOOK NUMBER
International Standard Book Number 1576731480 (alk. paper)
040 ## - CATALOGING SOURCE
Original cataloging agency DLC
Transcribing agency DLC
Modifying agency DLC
050 00 -
-- BT1211
-- .K46 1997
082 00 - DEWEY DECIMAL CLASSIFICATION NUMBER
Classification number 239
Edition information 21
Item number KEN
100 1# - MAIN ENTRY--PERSONAL NAME
Personal name Kennedy, D. James
Fuller form of name (Dennis James),
Dates associated with a name 1930-2007.
9 (RLIN) 3404
245 10 - TITLE STATEMENT
Title Skeptics answered :
Remainder of title handling tough questions about the Christian faith /
Statement of responsibility, etc. D. James Kennedy.
260 ## - PUBLICATION, DISTRIBUTION, ETC.
Place of publication, distribution, etc. Sisters, Or. :
Name of publisher, distributor, etc. Multnomah Books,
Date of publication, distribution, etc. c1997.
300 ## - PHYSICAL DESCRIPTION
Extent 203 p. ;
Dimensions 25 cm.
504 ## - BIBLIOGRAPHY, ETC. NOTE
Bibliography, etc. note Includes bibliographical references (p. 189-193) and index.
650 #0 - SUBJECT ADDED ENTRY--TOPICAL TERM
Topical term or geographic name entry element Apologetics.
9 (RLIN) 85
650 #0 - SUBJECT ADDED ENTRY--TOPICAL TERM
Topical term or geographic name entry element Skepticism.
9 (RLIN) 15353
856 42 - ELECTRONIC LOCATION AND ACCESS
Materials specified Contributor biographical information
Uniform Resource Identifier <a href="http://www.loc.gov/catdir/enhancements/fy0729/97022501-b.html">http://www.loc.gov/catdir/enhancements/fy0729/97022501-b.html</a>
856 42 - ELECTRONIC LOCATION AND ACCESS
Materials specified Publisher description
Uniform Resource Identifier <a href="http://www.loc.gov/catdir/enhancements/fy0729/97022501-d.html">http://www.loc.gov/catdir/enhancements/fy0729/97022501-d.html</a>
906 ## - LOCAL DATA ELEMENT F, LDF (RLIN)
a 7
b cbc
c orignew
d 1
e ocip
f 19
g y-gencatlg
942 ## - ADDED ENTRY ELEMENTS (KOHA)
Source of classification or shelving scheme Dewey Decimal Classification
Koha item type Books
Koha issues (borrowed), all copies 16
Holdings
Withdrawn status Lost status Source of classification or shelving scheme Damaged status Not for loan Home library Current Library Shelving location Date acquired Total checkouts Total renewals Full call number Barcode Date due Date last seen Date last checked out Copy number Price effective from Koha item type
    Dewey Decimal Classification     GRACE BIBLE COLLEGE GRACE BIBLE COLLEGE Theology 2021-08-12 22 1 239 KEN 015161 2026-05-28 2026-04-16 2026-04-16 c.1 2021-08-12 Books
© Grace Bible College Library 2025